| 000 | 00647nam a2200181Ia 4500 | ||
|---|---|---|---|
| 008 | 090123s9999 xx 000 0 und d | ||
| 082 |
_b10189 _a923.254/कणेकर |
||
| 100 | _aकणेकर शिरिष मधुकर | ||
| 245 | _aयादोंकी बारात | ||
| 250 | _a1 | ||
| 260 |
_bइनामदार बंधु प्रकाशन _c1985 |
||
| 300 | _a248 | ||
| 600 | _aकणेकर शिरिष मधुकर | ||
| 630 | _aयादोंकी बारात | ||
| 700 | _aकणेकर शिरिष मधुकर | ||
| 730 | _aयादोंकी बारात | ||
| 942 | _cBOOK | ||
| 999 |
_c48255 _d48255 |
||